000 00312nam a2200121 i 4500
001 bg
245 0 _aOszczędności energii elektrycznej w systemach wodociągowych i kanalizacyjnych.
260 _aKraków,
_c1981.
040 _cBPK
041 _apol
942 _cKS
008 s pl f |000 0 pol
999 _c20243
_d20243
856 _uhttp://koha.tu.koszalin.pl/cgi-bin/koha/opac-detail.pl?biblionumber=20243
_yKatalog online BPK